5 Letter R Words (Photos) - Statistics

General Stats
  • This quiz has been taken 102 times
  • The average score is 17 of 20
Answer Stats
Picture Hint Answer % Correct
Robot
100%
Radio
99%
Ruler
99%
Rhino
98%
Razor
95%
Plural Roses
94%
Plural Roots
93%
Raven
90%
Plural Rings
89%
River
86%
Plural Rakes
85%
Rifle
85%
Rodeo
84%
Roach
83%
Robin
79%
Plural Rafts
73%
Rabbi
64%
Ramen
64%
Capital of Morocco Rabat
61%
Plural Rinds
48%
No matching quizzes found
Score Distribution
Percent of People with Each Score
Percentile by Number Answered
Your Score History
You have not taken this quiz